All of Harry Styles's solo songs - Statistics

General Stats
  • This quiz has been taken 131 times
    118 since last reset
  • The average score is 32 of 38
Answer Stats
Hint Answer % Correct
Harry's House As It Was
96%
Singles As It Was (Piano Instrumental)
96%
Fine Line Fine Line
95%
Harry Styles Sign of the Times
94%
Fine Line Watermelon Sugar
93%
Harry Styles Kiwi
91%
Harry Styles Carolina
89%
Fine Line Golden
89%
Harry's House Matilda
88%
Fine Line Adore You
87%
Harry's House Music For a Sushi Restaurant
87%
Harry Styles Two Ghosts
85%
Fine Line Falling
84%
Singles Two Ghosts (Spotify Single)
84%
Harry's House Boyfriends
83%
Harry Styles From the Dining Table
83%
Harry's House Love Of My Life
83%
Harry's House Satellite
83%
Harry's House Daylight
82%
Harry's House Grapejuice
82%
Harry Styles Meet Me in the Hallway
82%
Harry Styles Woman
82%
Fine Line Canyon Moon
80%
Harry's House Daydreaming
80%
Harry Styles Ever Since New York
80%
Harry's House Late Night Talking
80%
Fine Line Lights Up
80%
Harry's House Little Freak
80%
Fine Line She
80%
Fine Line Sunflower, Vol. 6
80%
Fine Line Cherry
79%
Harry's House Cinema
79%
Harry's House Keep Driving
79%
Harry Styles Only Angel
79%
Fine Line Treat People With Kindness
78%
Harry Styles Sweet Creature
77%
Fine Line To Be So Lonely
73%
Singles Girl Crush (Spotify single)
60%
No matching quizzes found
Score Distribution
Percent of People with Each Score
Percentile by Number Answered
Your Score History
You have not taken this quiz since the last reset